00500nam a22001697a 4500003001100000005001700011008004100028020001500069040003900084041000800123082001500131100002300146245009200169260003300261300002000294650001600314LK-CoMWRAF20231022111807.0231022b1998 |||||||| |||| 00| 0 eng d a0684833387 aLK-CoMWRAFdLK-CoMWRAFeLK-CoMWRAF aeng a158.1bBRA aBranden, Nathaniel aNathaniel Branden's self-esteem every day:breflections on self-esteem and spirituality aNew York: bFireside, c1998 a411 p. ; 16 cm. aSELF-ESTEEM